000 nam a22 7a 4500
999 _c6976
_d6976
005 20190128005640.0
008 190128b xxu||||| |||| 00| 0 eng d
020 _a9781841930930
_bpaperback
040 _beng
_cAPEC Schools Library
_erda
082 _aC 510
_bD261 2002
100 _aDavis, Barbara
245 _aSucceed in maths
_cBarabara Davis
264 _aLondon :
_bArcturus Publishing Limited,
_c©2002.
_d2002.
300 _a128 pages ;
_c24 cm.
336 _2rdacontent
_atext
337 _2rdamedia
_aunmediated
338 _2rdacarrier
_avolume
650 _aMathematics
942 _2ddc
_cBK